00427 am a2200145ui 45000010006000000050017000060080041000230200015000640820011000792450064000902600068001543000006002226500026002287000027002542685920200421093827.0781013s1978 enka || 001 ||eng  a033323459604a079.4114aThe British Press :ba manifesto /cedited by James Curran. aLondon :bMacmillan [for the] Acton Society Press Group,c1978. ax 0aPresszGreat Britain.1 aCurran, James,d1945-.